| 000 | 01019ngm a22003850a 4500 | ||
|---|---|---|---|
| 001 | PT30938 | ||
| 003 | AR-LpoUNG | ||
| 005 | 20210201232311.0 | ||
| 007 | co ||u|||uuuuu | ||
| 008 | 191001s2005||||ag |||||||||||||||||spa d | ||
| 022 | _a1666-8502 | ||
| 040 |
_aAR-LpoUNG _bspa _cAR-LpoUNG _eaacr |
||
| 041 | _aspa | ||
| 044 | _aag | ||
| 082 | 0 | _a333.792 4 939ARN-2005 | |
| 245 | 1 | 0 | _aInforme anual 2005 |
| 250 | _a1§ edición | ||
| 260 |
_aBuenos Aires : _bAutoridad Regulatoria Nuclear, _c2005. |
||
| 300 | _agráfs., il. | ||
| 650 | 4 | _aCENTRALES DE ENERGIA | |
| 650 | 4 | _aCENTRALES NUCLEARES | |
| 650 | 4 | _aDERECHO | |
| 650 | 4 | _aENERGIA | |
| 650 | 4 | _aENERGIA NUCLEAR | |
| 650 | 4 | _aINDUSTRIA NUCLEAR | |
| 650 | 4 | _aINGENIERIA NUCLEAR | |
| 650 | 4 | _aINSTALACIONES NUCLEARES | |
| 650 | 4 | _aRECURSOS ENERGETICOS | |
| 650 | 4 | _aRECURSOS NATURALES | |
| 650 | 4 | _aSEGURIDAD NUCLEAR | |
| 651 | 4 | _aArgentina | |
| 710 | 2 | _aAutoridad Regulatoria Nuclear (Argentina) | |
| 905 | _a30938 | ||
| 942 | _cCDDVD | ||
| 999 |
_c53286 _d53286 |
||